Countries of the World- Rebus Edition #4 - Statistics

General Stats
  • This quiz has been taken 118 times
  • The average score is 13 of 16
Answer Stats
Picture Answer % Correct
Spain
93%
Gabon
89%
Togo
86%
Benin
84%
San Marino
84%
Monaco
83%
Fiji
82%
Brunei
80%
Colombia
80%
Bulgaria
79%
Cyprus
79%
Maldives
79%
Malta
78%
Nepal
78%
Djibouti
73%
Netherlands
70%
No matching quizzes found
Score Distribution
Percent of People with Each Score
Percentile by Number Answered
Your Score History
You have not taken this quiz